Consumer Behavior (Record no. 437)

MARC details
005 - DATE AND TIME OF LATEST TRANSACTION
control field 20250312095906.0
020 ## - INTERNATIONAL STANDARD BOOK NUMBER
International Standard Book Number 0-02-384590-2
082 ## - DEWEY DECIMAL CLASSIFICATION NUMBER
Classification number 658.834 MOW
100 ## - MAIN ENTRY--PERSONAL NAME
Author name MOWEN, J. C.
245 ## - TITLE STATEMENT
Title Consumer Behavior
260 ## - PUBLICATION, DISTRIBUTION, ETC.
Place of publication, distribution, etc. New York
Name of publisher, distributor, etc. Macmillan Publishing Company
Date of publication, distribution, etc. 1987
300 ## - PHYSICAL DESCRIPTION
Extent xvi, 687p., ill., picture, table, figure
Other physical details Glossary, Index
Dimensions 23cm
942 ## - ADDED ENTRY ELEMENTS (KOHA)
Source of classification or shelving scheme Dewey Decimal Classification
Koha item type Books
Holdings
Date last seen Total checkouts Full call number Barcode Cost, replacement price Price effective from Koha item type Lost status Source of classification or shelving scheme Damaged status Not for loan Withdrawn status Home library Current library Shelving location Date acquired Cost, normal purchase price
03/12/2025   658.834 MOW 0000001454 60000.00 03/12/2025 Books   Dewey Decimal Classification       College of Business Education Main Library College of Business Education Main Library General Collection 03/12/2025 20000.00